书目信息 |
| 题名: |
数论的三颗明珠
|
|
| 作者: | 辛钦 著 ;王志雄 译 | |
| 分册: | ||
| 出版信息: | 上海 上海科学技术出版社 1984 |
|
| 页数: | 52页 | |
| 开本: | 19cm | |
| 丛书名: | 大学数学丛书 | |
| 单 册: | ||
| 中图分类: | O156.1 | |
| 科图分类: | ||
| 主题词: | 初等数论 | |
| 电子资源: | ||
| ISBN: | ||
| 000 | 00789nam2 2200265 45 | |
| 001 | 0184002021 | |
| 005 | 20051209101158.45 | |
| 010 | @dCNY0.25 | |
| 091 | @a13119.1160 | |
| 100 | @a19950706d1984 em y0chiy0121 ea | |
| 101 | 1 | @achi@crus |
| 102 | @aCN@b310000 | |
| 105 | @ay z 000yy | |
| 200 | 10 | @a数论的三颗明珠@Ashu lun de san ke ming zhu@f(苏)А·Я·辛钦著@F(su)А·Я·xin qin zhu@g王志雄译 |
| 210 | @a上海@c上海科学技术出版社@d1984 | |
| 215 | @a52页@d19cm | |
| 225 | 2 | @a大学数学丛书 |
| 410 | 0 | @120010@a大学数学丛书 |
| 606 | @a初等数论 | |
| 690 | @aO156.1@v3 | |
| 701 | 1 | @a辛钦@Axin qin@4著 |
| 702 | 0 | @a王志雄@Awang zhi xiong@4译 |
| 801 | 2 | @aCN@bNLC@c20051209 |
| 801 | 0 | @aCN@b上海图书馆@c20040518 |
| 905 | @f4@b120021-024@f3@b121005-007@f1@b121009@dO156.1@e27 | |
| 数论的三颗明珠/(苏)А·Я·辛钦著/王志雄译.-上海:上海科学技术出版社,1984 |
| 52页;19cm.-(大学数学丛书) |
| ISBN :CNY0.25 |
| ● |
| 相关链接 |
|
|
|
|
正题名:数论的三颗明珠
索取号:O156.1/27
 
预约/预借
| 序号 | 登录号 | 条形码 | 馆藏地/架位号 | 状态 | 备注 |
| 1 | 0120021 | 000415232 | 密集书库/ [索取号:O156.1/27] | 在馆 | |
| 2 | 0120022 | 000415269 | 密集书库/ [索取号:O156.1/27] | 在馆 | |
| 3 | 0120023 | 000410433 | 密集书库/ [索取号:O156.1/27] | 在馆 | |
| 4 | 0120024 | 000415241 | 密集书库/ [索取号:O156.1/27] | 在馆 | |
| 5 | 0120025 | 000415303 | 第二样本阅览室/ [索取号:O156.1/27] | 在馆 | |
| 6 | 0121005 | 000415296 | 密集书库/ [索取号:O156.1/27] | 在馆 | |
| 7 | 0121006 | 000415287 | 第三借阅区/ [索取号:O156.1/27] | 在馆 | |
| 8 | 0121007 | 000415278 | 密集书库/ [索取号:O156.1/27] | 在馆 | |
| 9 | 0121008 | 202164905 | 密集书库/ [索取号:O156.1/27] | 在馆 | |
| 10 | 0121009 | 000415250 | 密集书库/ [索取号:O156.1/27] | 在馆 |